SAFETY IN MINES: A SURVEY OF ACCIDENTS THEIR CAUSES & PREVENTION [1901 TO 2000] (Record no. 8893)

MARC details
000 -LEADER
fixed length control field 00493nam a22001817a 4500
005 - DATE AND TIME OF LATEST TRANSACTION
control field 20251010115227.0
008 - FIXED-LENGTH DATA ELEMENTS--GENERAL INFORMATION
fixed length control field 251008b |||||||| |||| 00| 0 eng d
020 ## - INTERNATIONAL STANDARD BOOK NUMBER
ISBN 81-7956-001-5
041 ## - LANGUAGE CODE
Language code of text/sound track or separate title eng
082 ## - DEWEY DECIMAL CLASSIFICATION NUMBER
Classification number 622.8 KEJ-S
100 ## - MAIN ENTRY--AUTHOR NAME
Personal name KEJRIWAL, PROF B.K.
245 ## - TITLE STATEMENT
Title SAFETY IN MINES: A SURVEY OF ACCIDENTS THEIR CAUSES & PREVENTION [1901 TO 2000]
250 ## - EDITION STATEMENT
Edition statement 1ST ED. 1994
260 ## - PUBLICATION, DISTRIBUTION, ETC. (IMPRINT)
Place of publication DHANBAD
Name of publisher LOVELY PRAKASHAN
Year of publication 2022
300 ## - PHYSICAL DESCRIPTION
Number of Pages 394;P
650 ## - SUBJECT ADDED ENTRY--TOPICAL TERM
Topical Term MINING
942 ## - ADDED ENTRY ELEMENTS (KOHA)
Koha item type Books
Holdings
Lost status Damaged status Collection code Home library Current library Date acquired Source of acquisition Cost, normal purchase price Serial Enumeration / chronology Full call number Accession Number Koha item type Shelving location
    MINING JRU Library JRU Library 08/10/2025 PURCHASE 600.00 LBI/000779, DATE-4-10-2025 622.8 28966 Books  
    MINING JRU Library JRU Library 08/10/2025 PURCHASE 600.00 LBI/000779, DATE-4-10-2025 622.8 28967 Books SHELF-100-D